| 000 | 00955nam a2200301 4500 | ||
|---|---|---|---|
| 001 | 13206907 | ||
| 005 | 20141030102518.0 | ||
| 006 | 000 | ||
| 007 | 000 | ||
| 008 | 000 | ||
| 010 | _a 2003107333 | ||
| 020 | _a0534359450 (acidfree paper) | ||
| 020 | _a0534490964 (international student ed.) | ||
| 035 | _a(DLC) 2003107333 | ||
| 040 |
_aUOEL _cDLC _dDLC |
||
| 050 | 0 | 0 |
_aQA39.2 _b.E65 2004 |
| 082 | 0 | 0 |
_a510 _222 |
| 100 | 1 | _aEpp, Susanna S. | |
| 245 | 1 | 0 |
_aDiscrete mathematics with applications / _cSusanna S. Epp. |
| 250 | _a3rd ed. | ||
| 260 |
_aAustralia : _bThomson-Brooks/Cole, _cc2004. |
||
| 300 |
_axix, 775, 116, 11 p. : _bill. (some col.) ; _c27 cm. |
||
| 500 | _aIncludes index. | ||
| 650 | 0 | _aMathematics. | |
| 906 |
_a7 _bcbc _corignew _d3 _eepcn _f20 _gy-gencatlg |
||
| 942 |
_2lcc _cSL2 |
||
| 999 |
_c1065 _d1065 |
||